[Event "Cammeray Norths op"]
[Site "Cammeray"]
[Date "2011.01.05"]
[Round "4"]
[White "Canfell, Mike J"]
[Black "Shi, Dawen"]
[Result "0-1"]
[WhiteElo "1554"]
[BlackElo "1701"]
[PlyCount "84"]
[EventDate "2011.01.02"]
[EventType "swiss"]
[EventRounds "7"]
[EventCountry "AUS"]
[SourceTitle "EXT 2013"]
[Source "ChessBase"]
[SourceDate "2012.11.22"]
[SourceVersion "1"]
[SourceVersionDate "2012.11.22"]
[SourceQuality "1"]

1. e4 d5 2. exd5 Nf6 3. Nf3 Nxd5 4. d4 Bg4 5. h3 Bh5 6. c4 Nb6 7. Nc3 e6 8. g4 Bg6 9. Ne5 N8d7 10. Nxg6 hxg6 11. c5 Nd5 12. Nxd5 exd5 13. Bg2 c6 14. 0-0 Be7 15. Re1 0-0 16. Bf4 Re8 17. Qd2 Nf6 18. Re2 Qd7 19. Rae1 Bd8 20. g5 Ne4 21. Qc1 Ba5 22. Rd1 f6 23. h4 fxg5 24. hxg5 Qg4 25. f3 Qh5 26. Rc2 Rf8 27. Rf1 Rxf4 28. Qxf4 Nxg5 29. Qg4 Qh6 30. Re2 Rf8 31. Re7 Bd2 32. f4 Bxf4 33. Rxf4 Rxf4 34. Qc8+ Rf8 35. Qxb7 Nf3+ 36. Bxf3 Rxf3 37. Qc8+ Kh7 38. Qg4 Qc1+ 39. Kh2 Qd2+ 40. Kg1 Qf2+ 41. Kh1 Qf1+ 42. Kh2 Rf2+ 0-1

[Event "Cammeray Norths op"]
[Site "Cammeray"]
[Date "2011.01.04"]
[Round "3"]
[White "Christian, Kashish"]
[Black "Canfell, Mike J"]
[Result "0-1"]
[WhiteElo "919"]
[BlackElo "1554"]
[PlyCount "70"]
[EventDate "2011.01.02"]
[EventType "swiss"]
[EventRounds "7"]
[EventCountry "AUS"]
[SourceTitle "EXT 2013"]
[Source "ChessBase"]
[SourceDate "2012.11.22"]
[SourceVersion "1"]
[SourceVersionDate "2012.11.22"]
[SourceQuality "1"]

1. e4 c5 2. Nf3 d6 3. d4 cxd4 4. Nxd4 Nf6 5. Nc3 a6 6. f3 e6 7. Be3 Be7 8. Qd2 0-0 9. Bd3 Nbd7 10. 0-0-0 Nc5 11. Rhe1 Qc7 12. h3 b5 13. Bg5 b4 14. Nb1 Rb8 15. Qe3 Bd7 16. Nd2 Rfc8 17. N2b3 Nxd3+ 18. Qxd3 a5 19. f4 a4 20. Na1 a3 21. e5 axb2+ 22. Kxb2 dxe5 23. fxe5 Nd5 24. Bxe7 Nxe7 25. Nf3 Bb5 26. Qd6 Qc3+ 27. Kb1 Nd5 28. Rxd5 exd5 29. Qxd5 Bc4 30. Qe4 Bxa2+ 31. Kc1 Qxa1+ 32. Kd2 Qc3+ 33. Ke2 Qxc2+ 34. Qxc2 Rxc2+ 35. Kf1 b3 0-1

[Event "Doeberl Cup Major 47th"]
[Site "Canberra"]
[Date "2009.04.10"]
[Round "1"]
[White "Canfell, Mike J"]
[Black "Castor, David"]
[Result "0-1"]
[WhiteElo "1932"]
[BlackElo "1997"]
[PlyCount "62"]
[EventDate "2009.04.10"]
[EventType "swiss"]
[EventRounds "6"]
[EventCountry "AUS"]
[SourceTitle "CBM 129 Extra"]
[Source "ChessBase"]
[SourceDate "2009.05.05"]
[SourceVersion "2"]
[SourceVersionDate "2009.05.20"]
[SourceQuality "1"]

1. e4 c6 2. d4 d5 3. Nc3 dxe4 4. Nxe4 Bf5 5. Ng3 Bg6 6. h4 h6 7. Nf3 Nd7 8. h5 Bh7 9. Bd3 Bxd3 10. Qxd3 e6 11. Bf4 Qa5+ 12. Bd2 Bb4 13. c3 Be7 14. c4 Qc7 15. 0-0-0 Ngf6 16. Kb1 0-0 17. Ne4 Rfd8 18. g3 c5 19. Bf4 Qb6 20. dxc5 Nxc5 21. Nxf6+ Bxf6 22. Qc2 Nd3 23. Bc1 Nxc1 24. Rxc1 Rac8 25. Qe2 Qc5 26. Nd2 Qf5+ 27. Ka1 Bd4 28. f3 Rc6 29. g4 Qg5 30. Rhe1 Bxb2+ 31. Kxb2 Rxd2+ 0-1

[Event "Australian op"]
[Site "Manly Sydney"]
[Date "2009.01.10"]
[Round "10"]
[White "Canfell, Mike J"]
[Black "Russell, Luthien"]
[Result "1/2-1/2"]
[WhiteElo "1931"]
[BlackElo "1786"]
[PlyCount "55"]
[EventDate "2009.01.02"]
[EventType "swiss"]
[EventRounds "11"]
[EventCountry "AUS"]
[SourceTitle "CBM 128 Extra"]
[Source "ChessBase"]
[SourceDate "2009.03.05"]
[SourceVersion "2"]
[SourceVersionDate "2009.03.25"]
[SourceQuality "1"]

1. e4 c5 2. Nf3 e6 3. d4 cxd4 4. Nxd4 a6 5. Nc3 Qc7 6. Bd3 Nf6 7. 0-0 b5 8. Qe2 d6 9. Bd2 Be7 10. a4 b4 11. Nd1 d5 12. exd5 Nxd5 13. c3 bxc3 14. Nxc3 Bb7 15. Nxd5 Bxd5 16. Rfc1 Qb7 17. f3 Nd7 18. b4 0-0 19. b5 axb5 20. Bxb5 Nc5 21. Rab1 Bf6 22. Be3 Bxd4 23. Bxd4 Nb3 24. Rxb3 Bxb3 25. Bc6 Qb4 26. Bc5 Qf4 27. Be3 Qb4 28. Bc5 1/2-1/2

[Event "Australian op"]
[Site "Manly Sydney"]
[Date "2009.01.03"]
[Round "3"]
[White "Hu, Jason"]
[Black "Canfell, Mike J"]
[Result "1-0"]
[WhiteElo "2182"]
[BlackElo "1931"]
[PlyCount "53"]
[EventDate "2009.01.02"]
[EventType "swiss"]
[EventRounds "11"]
[EventCountry "AUS"]
[SourceTitle "CBM 128 Extra"]
[Source "ChessBase"]
[SourceDate "2009.03.05"]
[SourceVersion "2"]
[SourceVersionDate "2009.03.25"]
[SourceQuality "1"]

1. d4 Nf6 2. Nf3 g6 3. Bf4 Bg7 4. Nbd2 d6 5. e4 Nbd7 6. h3 0-0 7. Bc4 c5 8. c3 cxd4 9. cxd4 d5 10. exd5 Nb6 11. Bb3 Nbxd5 12. Bh2 Bf5 13. 0-0 Rc8 14. Nc4 b5 15. Nce5 a5 16. a3 a4 17. Ba2 Bh6 18. Nd3 Qb6 19. g4 Be4 20. g5 Bxf3 21. Qxf3 Bxg5 22. Bxd5 Qxd4 23. Ba2 Ne4 24. Be5 Nd2 25. Qg3 Nxf1 26. Qxg5 Qxd3 27. Qh6 1-0

[Event "Sydney op-A"]
[Site "Parramatta"]
[Date "2008.03.25"]
[Round "1"]
[White "Hay, Trevor"]
[Black "Canfell, Mike J"]
[Result "0-1"]
[WhiteElo "2310"]
[BlackElo "1941"]
[PlyCount "132"]
[EventDate "2008.03.25"]
[EventType "swiss"]
[EventRounds "9"]
[EventCountry "AUS"]
[SourceTitle "EXT 2023"]
[Source "ChessBase"]
[SourceDate "2022.10.05"]
[SourceVersion "1"]
[SourceVersionDate "2022.10.05"]
[SourceQuality "1"]

1. d4 Nf6 2. Nf3 g6 3. g3 Bg7 4. Bg2 0-0 5. c4 d6 6. Nc3 Nbd7 7. 0-0 e5 8. Qc2 c6 9. b3 Qe7 10. d5 cxd5 11. cxd5 Nc5 12. e4 a5 13. Ba3 b6 14. Nd2 Ba6 15. Nc4 Qc7 16. Bxc5 bxc5 17. Na4 Rfb8 18. Nab2 Nd7 19. Rfd1 Bxc4 20. Nxc4 Nb6 21. Bf1 Nxc4 22. Bxc4 Qd7 23. a4 Ra7 24. Rab1 Qh3 25. Bf1 Qd7 26. Qd2 h5 27. h4 Rb4 28. Bc4 Kh7 29. Kg2 Bh6 30. Qd3 Qg4 31. Rb2 Rb8 32. Bb5 Rab7 33. f3 Qc8 34. Ba6 Qc7 35. Bxb7 Rxb7 36. Qa6 Be3 37. Qd3 Bd4 38. Rbb1 Qd8 39. Rf1 f6 40. f4 exf4 41. gxf4 Rg7 42. Rh1 Qd7 43. Rbe1 Qc8 44. Kf1 Qg4 45. Rh3 Qxf4+ 46. Qf3 Qe5 47. Re2 Qe7 48. Ke1 Qb7 49. Qd3 Qb4+ 50. Kd1 Qa3 51. Rc2 Qb4 52. Rg3 Be5 53. Rgg2 g5 54. hxg5 fxg5 55. Rc4 Qb6 56. Qf3 Kh6 57. Kc2 Bf4 58. b4 axb4 59. Kb3 Qd8 60. Rcc2 Qf6 61. a5 g4 62. Qe2 Qa1 63. e5 Qa3+ 64. Kc4 b3 65. Kb5 Qb4+ 66. Kc6 Bxe5 0-1

[Event "Doeberl Cup 46th"]
[Site "Canberra"]
[Date "2008.03.20"]
[Round "1"]
[White "Kizov, Atanas"]
[Black "Canfell, Mike J"]
[Result "1-0"]
[WhiteElo "2398"]
[BlackElo "1941"]
[PlyCount "71"]
[EventDate "2008.03.20"]
[EventType "swiss"]
[EventRounds "9"]
[EventCountry "AUS"]
[SourceTitle "CBM 123 Extra"]
[Source "ChessBase"]
[SourceDate "2008.05.06"]
[SourceVersion "1"]
[SourceVersionDate "2008.05.06"]
[SourceQuality "1"]

1. d4 Nf6 2. c4 g6 3. Nc3 Bg7 4. e4 d6 5. h3 0-0 6. Bg5 c5 7. d5 e6 8. Bd3 exd5 9. cxd5 Qa5 10. Bd2 Qc7 11. Nf3 a6 12. 0-0 b5 13. Rc1 Re8 14. b4 c4 15. Bb1 Nbd7 16. Re1 Bb7 17. Be3 Ne5 18. Nd4 Rad8 19. f4 Ned7 20. Qd2 Nb6 21. Nf3 Re7 22. Bd4 Rde8 23. Rcd1 Qd8 24. Qf2 Nfd7 25. Bxg7 Kxg7 26. Qd4+ f6 27. Re2 Kf7 28. g4 h6 29. Rde1 Qc7 30. Qd2 Nc8 31. Nd4 Nf8 32. h4 Qd7 33. f5 Kg7 34. fxg6 Qxg4+ 35. Rg2 Qxh4 36. Nf5+ 1-0

[Event "AUS-ch Major"]
[Site "Parramatta"]
[Date "2008.01.03"]
[Round "2"]
[White "Lilly, Richard"]
[Black "Canfell, Mike J"]
[Result "0-1"]
[WhiteElo "1825"]
[BlackElo "1706"]
[PlyCount "52"]
[EventDate "2008.01.02"]
[EventType "swiss"]
[EventRounds "11"]
[EventCountry "AUS"]
[SourceTitle "EXT 2010"]
[Source "ChessBase"]
[SourceDate "2010.11.25"]
[SourceVersion "1"]
[SourceVersionDate "2010.11.25"]
[SourceQuality "1"]

1. d4 Nf6 2. c4 g6 3. Nc3 Bg7 4. e4 d6 5. f3 0-0 6. Be3 c5 7. d5 e6 8. dxe6 Bxe6 9. Qd2 Nc6 10. 0-0-0 Ne8 11. Bh6 Ne5 12. Bxg7 Kxg7 13. Nd5 f5 14. f4 Ng4 15. exf5 Bxd5 16. cxd5 Rxf5 17. Nh3 Nc7 18. Ng5 Qf6 19. Ne4 Qf8 20. Qc3+ Kg8 21. Be2 Rxf4 22. Bxg4 Rxe4 23. Rhf1 Qh6+ 24. Kb1 Rxg4 25. Qf6 Qf8 26. Qc3 Qg7 0-1

[Event "Sydney op"]
[Site "Parramatta"]
[Date "2007.04.14"]
[Round "8"]
[White "Harris, Benjamin"]
[Black "Canfell, Mike J"]
[Result "1/2-1/2"]
[WhiteElo "1817"]
[BlackElo "1976"]
[PlyCount "90"]
[EventDate "2007.04.10"]
[EventType "swiss"]
[EventRounds "9"]
[EventCountry "AUS"]
[SourceTitle "EXT 2023"]
[Source "ChessBase"]
[SourceDate "2022.10.05"]
[SourceVersion "1"]
[SourceVersionDate "2022.10.05"]
[SourceQuality "1"]

1. d4 Nf6 2. c4 g6 3. f3 Bg7 4. e4 d6 5. Nc3 0-0 6. Be3 c5 7. d5 e6 8. Qd2 exd5 9. cxd5 a6 10. a4 Re8 11. Be2 Qa5 12. Ra3 h5 13. Bf4 Qd8 14. a5 b5 15. axb6 Qxb6 16. Na4 Qc7 17. b4 cxb4 18. Qxb4 Rd8 19. Qb6 Ra7 20. Bd3 Ne8 21. Ne2 Nd7 22. Qxc7 Rxc7 23. Be3 Rb7 24. Kf2 Rb4 25. Bd2 Rxa4 26. Rxa4 Nc5 27. Ra3 Bb2 28. Ra2 Nxd3+ 29. Ke3 Ne5 30. f4 Ng4+ 31. Kf3 Bg7 32. h3 Nh6 33. Rc1 Bb7 34. Rb1 Rd7 35. Bc3 f5 36. Bxg7 fxe4+ 37. Kxe4 Kxg7 38. Nc3 Nf6+ 39. Kd3 Nf5 40. Ra5 Re7 41. Rb6 h4 42. Kd2 Ng3 43. Kd3 Nf5 44. Kd2 Ng3 45. Kd3 Nf5 1/2-1/2

[Event "Sydney op"]
[Site "Parramatta"]
[Date "2007.04.12"]
[Round "4"]
[White "Guo, Emma"]
[Black "Canfell, Mike J"]
[Result "0-1"]
[WhiteElo "1535"]
[BlackElo "1976"]
[PlyCount "108"]
[EventDate "2007.04.10"]
[EventType "swiss"]
[EventRounds "9"]
[EventCountry "AUS"]
[SourceTitle "EXT 2023"]
[Source "ChessBase"]
[SourceDate "2022.10.05"]
[SourceVersion "1"]
[SourceVersionDate "2022.10.05"]
[SourceQuality "1"]

1. e4 c5 2. Nc3 Nc6 3. f4 g6 4. Nf3 Bg7 5. Bb5 Nd4 6. 0-0 a6 7. Be2 d6 8. d3 Nf6 9. Qd2 0-0 10. Bd1 b5 11. Qf2 Ng4 12. Qg3 e5 13. Ng5 exf4 14. Bxf4 Ne5 15. Nd5 h6 16. Nh3 Be6 17. Nc3 Qd7 18. Nf2 Kh7 19. Ne2 g5 20. Bc1 f5 21. c3 Nxe2+ 22. Bxe2 f4 23. Bxf4 Rxf4 24. d4 cxd4 25. cxd4 Bc4 26. Rfe1 Bxe2 27. Rxe2 Ng6 28. Rd1 Rf7 29. Qb3 Raf8 30. e5 dxe5 31. dxe5 Qa7 32. Qc2 Bxe5 33. Rf1 Bd4 34. h3 Bxf2+ 35. Rfxf2 Rxf2 36. Rxf2 Qxf2+ 37. Qxf2 Rxf2 38. Kxf2 Kg7 39. Ke3 Nf4 40. Kd4 Nxg2 41. Kc5 Nf4 42. Kb6 Nxh3 43. Kxa6 g4 44. Kxb5 g3 45. a4 g2 46. Kc6 g1Q 47. b4 Qg6+ 48. Kb5 Qf5+ 49. Kc6 Qe6+ 50. Kb5 Qd7+ 51. Ka5 Qa7+ 52. Kb5 Nf4 53. a5 Nd5 54. Ka4 Qd4 0-1

[Event "Sydney op"]
[Site "Parramatta"]
[Date "2007.04.11"]
[Round "2"]
[White "Neegam, Gor"]
[Black "Canfell, Mike J"]
[Result "0-1"]
[WhiteElo "1641"]
[BlackElo "1976"]
[PlyCount "74"]
[EventDate "2007.04.10"]
[EventType "swiss"]
[EventRounds "9"]
[EventCountry "AUS"]
[SourceTitle "EXT 2023"]
[Source "ChessBase"]
[SourceDate "2022.10.05"]
[SourceVersion "1"]
[SourceVersionDate "2022.10.05"]
[SourceQuality "1"]

1. e4 c5 2. Nf3 d6 3. d4 cxd4 4. Nxd4 Nf6 5. Nc3 a6 6. Bc4 e6 7. f4 Qc7 8. Qe2 b5 9. Bb3 Be7 10. Qf3 0-0 11. 0-0 Bb7 12. Qg3 Nxe4 13. Nxe4 Bxe4 14. f5 Bf6 15. Qe3 Bxd4 16. Qxd4 Bxf5 17. Be3 Nc6 18. Qb6 Qxb6 19. Bxb6 Be4 20. Rf4 Bg6 21. Rd1 d5 22. c3 Rac8 23. a4 Be4 24. axb5 axb5 25. Rd2 Ne5 26. Bd4 Nc6 27. Bc5 Rfe8 28. Rdf2 Bg6 29. Bd1 Ne5 30. Bd4 Nd3 31. Be2 Nxf2 32. Bxf2 Ra8 33. Bxb5 Reb8 34. Bc6 Ra1+ 35. Be1 Rxe1+ 36. Rf1 Rxf1+ 37. Kxf1 Rxb2 0-1